00994nam a22002777a 450000500170000000800410001701000140005802000260007202000230009803500130012103700130013404000080014708200150015510000210017024500810019126000420027227000560031430000440037049000440041450000920045865000410055065000450059165000430063670000210067970000160070019970904051429.3970904m19271929ii a 001 0aeng  aENG-95761 a9788183280686c695.00 a8183280684c695.00 aEN-79294 bDBAD/PUB aDPL a781.690954 aChaudhuri, Debu. aClassical Music /c text by Debu Chaudhuri ; photographs by Avinash Pasricha aNew DelhibWisdom Tree Academicc2007 a4779/23, Ansari Road, Darya GanjbNew Delhie110002 a106p. ;c22 cm.(Hb)b ill. (some col.)  aIncredible India / edited by Varsha Das a "By arrangement with Department of Tourism, Ministry of Culture, Government of India." aMusiczIndiaxHistory and criticism. aHindustani musicxHistory and criticism. aCarnatic musicxHistory and criticism. aPasrich, Avinash aDas, Varsha